000 00951cam a2200229 a 4500
001 000011984
005 20200929162638.0
008 050812s2005 ck ab b 001 0 spa
020 _a9588250048
040 _aDO-SdBNP
_bspa
_cBNPHU
082 _a133.4309
_bM467b
100 1 _aMaya Restrepo, Luz Adriana.
_d1962-
_928341
245 1 0 _aBrujería y reconstrucción de identidades entre los Africanos y sus descendientes en la Nueva Granada, siglo XVII /
_cLuz Adriana Maya Restrepo.
260 _aBogotá, (Colombia) :
_bMinisterio de Cultura,
_c2005.
300 _a808 p. :
_bcol. il. ; mapas ;
_c21 cm.
504 _aIncluye referencias bibliográficas.
586 _aPremio nacional de historia, 2003
650 4 _aBrujería
_zColombia
_xHistoria
_ySIGLO XVII
_928342
650 4 _aEsclavitud
_zColombia
_xHistoria
_ySIGLO XVII
_928343
651 4 _aColombia
_xVida Social Y Costumbres
_ySIGLO XVII
_928344
650 4 _aNegros
_zColombia
_xReligión
_928345
999 _c11653
_d11653